Pedanías de Murcia con mapa - Estadísticas

Estadísticas generales
  • Esta prueba ha sido intentada 120 veces
  • La puntuación promedio es 27 de 55
Respuestas en el mapa
Las respuestas están codificadas por una escala verde-roja en el mapa de la prueba según el % correcto abajo.
 
Estadísticas de respuestas
PEDANÍAS % Correcto
El Palmar
81%
Sangonera la Seca
75%
Sangonera la Verde
75%
Casco Urbano de Murcia
69%
Churra
69%
Guadalupe
69%
Puente Tocinos
69%
Beniaján
67%
Javalí Viejo
67%
La Ñora
67%
San Benito
67%
Algezares
64%
Cabezo de Torres
64%
La Alberca
64%
Monteagudo
64%
Javalí Nuevo
61%
Torreagüera
61%
Los Garres
58%
Corvera
56%
El Esparragal
56%
Llano de Brujas
56%
Santo Ángel
56%
Zarandona
56%
Los Dolores
50%
Nonduermas
50%
San Ginés
50%
El Raal
47%
Sucina
47%
Valladolises y Lo Jurado
47%
Casillas
44%
San José de la Vega
44%
Zeneta
44%
Aljucer
42%
Alquerías
42%
Gea y Truyols
42%
La Albatalía
42%
Baños y Mendigo
39%
La Raya
39%
Los Ramos
39%
Santa Cruz
39%
Cobatillas
36%
La Arboleja
36%
Puebla de Soto
36%
Rincón de Seca
36%
Santiago y Zaraiche
36%
El Puntal
33%
Era Alta
33%
Rincón de Beniscornia
33%
Cañada Hermosa
31%
Carrascoy - La Murta
31%
Lobosillo
31%
Barqueros
28%
Cañadas de San Pedro
28%
Los Martínez del Puerto
25%
Jerónimo y Avileses
19%
No se encontraron pruebas coincidentes
Distribución de puntuación
Porcentaje de gente con cada puntuación
Porcentaje por número respondido
Historial de tus puntuaciones
No has intentado esta prueba.